|
|
|
|
| LEADER |
01670nam a22004455i 4500 |
| 001 |
978-3-540-27333-2 |
| 003 |
DE-He213 |
| 005 |
20151204144535.0 |
| 007 |
cr nn 008mamaa |
| 008 |
100301s2005 gw | s |||| 0|eng d |
| 020 |
|
|
|a 9783540273332
|9 978-3-540-27333-2
|
| 024 |
7 |
|
|a 10.1007/b138930
|2 doi
|
| 040 |
|
|
|d GrThAP
|
| 050 |
|
4 |
|a RL1-803
|
| 072 |
|
7 |
|a MJK
|2 bicssc
|
| 072 |
|
7 |
|a MED017000
|2 bisacsh
|
| 082 |
0 |
4 |
|a 616.5
|2 23
|
| 245 |
1 |
0 |
|a Cosmetic Dermatology
|h [electronic resource] /
|c edited by Cheryl M. Burgess.
|
| 264 |
|
1 |
|a Berlin, Heidelberg :
|b Springer Berlin Heidelberg,
|c 2005.
|
| 300 |
|
|
|a XII, 170 p. 56 illus., 43 illus. in color.
|b online resource.
|
| 336 |
|
|
|a text
|b txt
|2 rdacontent
|
| 337 |
|
|
|a computer
|b c
|2 rdamedia
|
| 338 |
|
|
|a online resource
|b cr
|2 rdacarrier
|
| 347 |
|
|
|a text file
|b PDF
|2 rda
|
| 505 |
0 |
|
|a Anti-Aging Medicine As It Relates to Dermatology -- Anti-Aging Skin Care Ingredient Technologies -- Photoaging and Pigmentary Changes of the Skin -- Chemexfoliation and Superficial Skin Resurfacing -- Botulinum Toxin -- Soft Tissue Augmentation -- Laser Skin Resurfacing -- Sclerotherapy.
|
| 650 |
|
0 |
|a Medicine.
|
| 650 |
|
0 |
|a Dermatology.
|
| 650 |
|
0 |
|a Surgery.
|
| 650 |
|
0 |
|a Plastic surgery.
|
| 650 |
1 |
4 |
|a Medicine & Public Health.
|
| 650 |
2 |
4 |
|a Dermatology.
|
| 650 |
2 |
4 |
|a Plastic Surgery.
|
| 650 |
2 |
4 |
|a Surgery.
|
| 700 |
1 |
|
|a Burgess, Cheryl M.
|e editor.
|
| 710 |
2 |
|
|a SpringerLink (Online service)
|
| 773 |
0 |
|
|t Springer eBooks
|
| 776 |
0 |
8 |
|i Printed edition:
|z 9783540230649
|
| 856 |
4 |
0 |
|u http://dx.doi.org/10.1007/b138930
|z Full Text via HEAL-Link
|
| 912 |
|
|
|a ZDB-2-SME
|
| 950 |
|
|
|a Medicine (Springer-11650)
|